2024.06.10, Polska - Turcja - składy - Statystyki

Ogólne statystyki
  • Ten quiz został rozwiązany 37 razy
  • Średni wynik to 20 z 36
Statystyki odpowiedzi
Kraj Pozycja Piłkarz % Poprawnych
Polska Bramkarz Wojciech Szczęsny
97%
Polska Obrońca Jan Bednarek
94%
Polska Pomocnik Nicola Zalewski
91%
Polska Obrońca Jakub Kiwior
89%
Polska Napastnik Robert Lewandowski
89%
Polska Napastnik Karol Świderski
86%
Polska Trener Michał Probierz
86%
Polska Pomocnik Piotr Zieliński
86%
Polska Pomocnik (r) Kacper Urbański
83%
Polska Napastnik (r) Krzysztof Piątek
83%
Polska Pomocnik Bartosz Slisz
80%
Polska Obrońca Paweł Dawidowicz
80%
Polska Pomocnik Przemysław Frankowski
80%
Polska Obrońca (r) Bartosz Salamon
77%
Polska Pomocnik (r) Damian Szymański
77%
Polska Pomocnik (r) Sebastian Szymański
77%
Polska Pomocnik Jakub Piotrowski
74%
Polska Pomocnik (r) Jakub Moder
71%
Turcja Pomocnik (r) Arda Güler
66%
Turcja Pomocnik Hakan Çalhanoğlu
57%
Turcja Napastnik (r) Kenan Yıldız
43%
Turcja Napastnik (r) Barış Alper Yılmaz
40%
Turcja Pomocnik (r) Cenk Tosun
34%
Turcja Trener Vincenzo Montella
31%
Turcja Obrońca (r) Merih Demiral
29%
Turcja Pomocnik Salih Özcan
26%
Turcja Pomocnik İrfan Kahveci
23%
Turcja Pomocnik Kerem Aktürkoğlu
23%
Turcja Obrońca Kaan Ayhan
20%
Turcja Bramkarz Mert Günok
20%
Turcja Obrońca Orkun Kökçü
20%
Turcja Pomocnik Mert Müldür
17%
Turcja Obrońca Abdülkerim Bardakcı
14%
Turcja Pomocnik (r) Okay Yokuşlu
9%
Turcja Obrońca Samet Akaydin
9%
Turcja Napastnik Semih Kılıçsoy
9%
Nie znaleziono quizów pasujących do podanych kryteriów
Rozkład punktacji
Procent ludzi z każdym wynikiem
Percentyl według liczby udzielonych odpowiedzi
Twoja historia wyników
Nie rozwiązałeś tego quizu